000 01184cam a22003011i 4500
003 SA_RiAUC
005 20250910125455.0
008 250906s2003 su g 000 0dara c
040 _aSA-RiPSS
_bara
_cSA-RiAUC
_erda
041 1 _aara
_hger
043 _aa-su---
082 0 4 _a953.1
090 _a953.1
_bم و س
100 1 _aموسيل، ألويس،
_d1868-1944
_eمؤلف.
245 1 0 _aآل سعود :
_bدراسة في تاريخ الدولة السعودية /
_cتأليف ألويس موسيل ؛ ترجمة عن الألمانية سعيد فايز السعيد.
250 _aالطبعة الأولى.
264 1 _aالرياض :
_bسعيد فايز السعيد،
_c2003
300 _a189 صفحة ؛
_c24 سم
336 _aنص
_btxt
_2rdacontent
_3كتاب
337 _aبدون وسيط
_bn
_2rdamedia
338 _aمجلد
_bnc
_2rdacarrier
600 3 7 _aآل سعود
_2aucnm
651 7 _aالسعودية
_xتاريخ
_2aucsh
651 7 _aالسعودية
_xملوك وحكام
_xتاريخ
_2aucsh
700 1 _aالسعيد، سعيد بن فايز إبراهيم
_eمترجم.
942 _2ddc
_cBOOK
_n0
949 _aSA-JeALM
_d250906
_umohamedma123
_n1
999 _c11584
_d11584